Animals by Cropped Image #1 - Statistics

General Stats
  • This quiz has been taken 78 times
  • The average score is 15 of 16
Answer Stats
Picture Answer % Correct
Elephant
100%
Butterfly
98%
Cat
98%
Clownfish / Fish
98%
Spider
98%
Zebra
98%
Giraffe
97%
Horse
97%
Kangaroo
97%
Sheep
97%
Moose
94%
Frog
92%
Whale
89%
Parrot
88%
Peacock
79%
Chicken
65%
No matching quizzes found
Score Distribution
Percent of People with Each Score
Percentile by Number Answered
Your Score History
You have not taken this quiz